00505nam a22001457a 4500003000500000038001800005082000800023100002000031245012200051264003400173300002500207650002900232700004000261856005800301NUST aNusrat Nadeem a200 aShamsi Wajeeha  aMolecular and Biological Characterization of Mycovirus Identified from Environmental Fungal Isolates/cWajeeha Shamsi aIslamabad;bASAB NUST;c2020. a162,p;bill;c30,cm. aPhD-Plant Biotechnology  aSupervisor:Dr.Muhammad Faraz Bhatti u http://10.250.8.41:8080/xmlui/handle/123456789/24164